Decadencia de lo humano

Zapisane w:
Opis bibliograficzny
1. autor: Lorenz, Konrad (autor)
Format: Książka
Język:hiszpański
Wydane: Barcelona Plaza-Janes 1985
Seria:Hombre y sociedad
Hasła przedmiotowe:
Etykiety: Dodaj etykietę
Nie ma etykietki, Dołącz pierwszą etykiete!

MARC

LEADER 00000nam a2200000 a 4500
001 UCX3227
003 CL-VaPUC
008 911015e19850000SP |||||||||||||||||spa|d
082 0 4 |a 121.8  |b LOR  |2 21 
100 |a Lorenz, Konrad  |e autor  |9 341123 
245 1 0 |a Decadencia de lo humano 
300 |a 239 p 
942 |c BK 
945 |d 19911015 00:00:00 
260 |a Barcelona  |b Plaza-Janes  |c 1985 
650 0 |a Libertad  |9 255686 
650 0 |a Valores sociales  |9 309627 
650 0 |a Valores (Filosofía)  |9 256541 
583 |a last modification  |c 19911015 00:00:00  |k Rodrigo Vera 
490 0 |a Hombre y sociedad 
999 |c 224034  |d 224032 
952 |0 0  |1 0  |4 0  |6 121_800000000000000_LOR_1985  |7 0  |8 A  |9 220400  |a BIBCUR  |b BIBCUR  |d 2019-11-15  |i 2891158  |o 121.8 LOR 1985  |p 2891158  |r 2025-04-22  |w 2019-11-15  |y BK  |k FIS